Logica e metafisica / (Record no. 145356)

MARC details
000 -LEADER
campo de control de longitud fija 00695nam a2200217 4500
001 - NÚMERO DE CONTROL
campo de control 145356
003 - IDENTIFICADOR DE NÚMERO DE CONTROL
campo de control ES-MaACL
005 - FECHA Y HORA DE LA ÚLTIMA TRANSACCIÓN
campo de control 20260112153653.0
007 - CAMPO FIJO DE DESCRIPCIÓN FÍSICA--INFORMACIÓN GENERAL
campo de control de longitud fija t|
008 - DATOS DE LONGITUD FIJA--INFORMACIÓN GENERAL
campo de control de longitud fija 070214s1911 it r ||||1| ita d
100 1# - ENTRADA PRINCIPAL--NOMBRE DE PERSONA
Nombre de persona Spaventa, Bertrando.
9 (RLIN) 107654
245 10 - MENCIÓN DEL TÍTULO
Título Logica e metafisica /
Mención de responsabilidad, etc. Bertrando Spaventa.
250 ## - MENCION DE EDICION
Mención de edición nuova edizione con l'aggiunta di parti inedite
Resto de la mención de edición a cura di Giovanni Gentile.
260 ## - PUBLICACIÓN, DISTRIBUCIÓN, ETC.
Lugar de publicación, distribución, etc. Bari :
Nombre del editor, distribuidor, etc. Gius Laterza,
Fecha de publicación, distribución, etc. 1911.
300 ## - DESCRIPCIÓN FÍSICA
Extensión XI, 456 p. ;
Dimensiones 21 cm.
490 1# - MENCIÓN DE SERIE
Mención de serie Biblioteca di cultura moderna
700 1# - ENTRADA AGREGADA--NOMBRE PERSONAL
Nombre de persona Gentile, Giovanni,
Fechas asociadas al nombre 1875-1944
9 (RLIN) 56357
830 0# - PUNTO DE ACCESO ADICIONAL DE SERIE-TÍTULO UNIFORME
Título uniforme Biblioteca di cultura moderna
9 (RLIN) 182552
852 ## - LOCALIZACIÓN
Ubicación ES-MaACL
Número de control de estantería F-4997
Holdings
Estatus retirado Estado de pérdida Estado de daño No para préstamo Biblioteca de origen Biblioteca actual Ubicación en estantería Fecha de adquisición Fuente de adquisición Total de préstamos Signatura topográfica completa Código de barras Visto por última vez Precio de reemplazo Tipo de ítem Koha
        Biblioteca del Ateneo de Madrid Biblioteca del Ateneo de Madrid Depósito 2 17/01/2008     F-4997 1151728 23/02/2023 23/02/2023 Libro impreso